Komar & Melamid (Record no. 2504)

MARC details
000 - LÍDER
campo de control de longitud fija 00775nam a2200205Ia 4500
008 - ELEMENTOS DE DATOS DE LONGITUD FIJA - INFORMACIÓN GENERAL
campo de control de longitud fija 0000001989 usa 0000000000eng00
020 ## - INTERNATIONAL STANDARD BOOK NUMBER
International Standard Book Number 896598918
090 ## - NÚMERO DE LLAMADA DE TIPO LC LOCALMENTE ASIGNADO (OCLC)
Número de clasificación (OCLC) (R) PRU00 R17k
100 1# - ENTRADA PRINCIPAL - NOMBRE PERSONAL
Nombre de la persona Ratcliff, Carter
245 10 - TÍTULO DECLARACIÓN
Título Komar & Melamid
Declaración de responsabilidad / text Carter Ratcliff ; editors Frayda Feldman, Nancy Grubb
260 ## - PUBLICACIÓN, DISTRIBUCIÓN
Lugar de publicación New York : Abbeville Press
Fecha de publicación 1989
300 ## - DESCRIPCIÓN FÍSICA
Alcance 208 p.
Dimensiones / 27 cm.
500 ## - NOTA GENERAL
Nota general Con el patronazgo del maestro venezolano Jesús Rafael Soto (q.e.p.d.)
600 00 - ENTRADA DE SUJETO AÑADIDO - NOMBRE PERSONAL
Nombre de la persona KOMAR, VITALY/
Subdivisión general TRABAJOS PICTORICOS \ MELAMID, ALEKSANDR/
-- TRABAJOS PICTORICOS
650 14 - ENTRADA DE SUJETO AÑADIDO - TÉRMINO TÓPICO
Término tópico o elemento de entrada del nombre geográfico ARTE CONTEMPORANEO RUSO
650 14 - ENTRADA DE SUJETO AÑADIDO - TÉRMINO TÓPICO
Término tópico o elemento de entrada del nombre geográfico ARTE DISIDENTE RUSO
650 14 - ENTRADA DE SUJETO AÑADIDO - TÉRMINO TÓPICO
Término tópico o elemento de entrada del nombre geográfico ARTISTAS PLASTICOS RUSOS
650 14 - ENTRADA DE SUJETO AÑADIDO - TÉRMINO TÓPICO
Término tópico o elemento de entrada del nombre geográfico PINTURA RUSA
700 1# - ENTRADA AGREGADA - NOMBRE PERSONAL
Nombre de la persona Feldman, Frayda, ed. \ Grubb, Nancy, ed.
Holdings
Estado de retirada Pérdida de estatus Estado dañado No para préstamo Código de recogida Ubicación permanente Ubicación actual Ubicación de las estanterías Fecha de adquisición Número de llamada completo Código de barras Fecha de la última vez que se vio Número de copia Precio efectivo desde Tipo de artículo Koha
        General ArtNexus ArtNexus General 06/09/2022 P-RU-00 R17K 2505 06/09/2022 Ej.1 06/09/2022 Libro

Powered by Koha